Trabajo vivo : Sexualidad y trabajo /
Guardado en:
| Autor Principal: | |
|---|---|
| Formato: | Libro |
| Idioma: | Spanish |
| Publicado: |
Buenos Aires :
Topía Editorial,
2012.
|
| Edición: | 1a. ed. |
| Series: | Psicoanálisis, sociedad y cultura ;
27 |
| Materias: | |
| Etiquetas: |
Agregar Etiqueta
Sin Etiquetas, Sea el primero en etiquetar este registro!
|
| LEADER | 00546nam a22001695a 4500 | ||
|---|---|---|---|
| 001 | DER.der014303 | ||
| 008 | 191029s2012####ag############000#0#spa#d | ||
| 005 | 20251008175505.0 | ||
| 245 | 1 | 0 | |a Trabajo vivo : |b Sexualidad y trabajo / |c Cristophe Dejours. |
| 250 | |a 1a. ed. | ||
| 260 | |a Buenos Aires : |b Topía Editorial, |c 2012. | ||
| 300 | |a 197 p. ; |c 20 x 14 cm. | ||
| 490 | 0 | |a Psicoanálisis, sociedad y cultura ; |v 27 | |
| 020 | |a 9789871185481 | ||
| 100 | 1 | |a Dejours, Cristophe. | |
| 653 | |a DERECHO LABORAL | ||
| 859 | |a DERECHO |b BIB. DERECHO |h 150.195 |i DEJ |p 009574 |t 1 | ||
